000
00339nam a2200133Ia 4500
008
190723s9999 xx 000 0 und d
020
_a
978-81-317-1837-7
100
_a
Anany Levithin
245
0
_a
Introduction to Design and Analysis of Algorithms
250
_a
2nd
260
_a
Chennai
_b
Pearson
_c
2008
300
_a
524.:p
942
_c
BK
999
_c
1704
_d
1704